Hongkong's textile fabrics market

Kaydedildi:
Detaylı Bibliyografya
Materyal Türü: Kitap
Dil:Undetermined
Baskı/Yayın Bilgisi: Washington, D. C. U. S. Department of Commerce 1982
Konular:
Etiketler: Etiketle
Etiket eklenmemiş, İlk siz ekleyin!
Thư viện lưu trữ: Trung tâm Học liệu Trường Đại học Cần Thơ
LEADER 00463nam a2200169Ia 4500
001 CTU_77467
008 210402s9999 xx 000 0 und d
082 |a 667 
082 |b H772 
245 0 |a Hongkong's textile fabrics market 
260 |a Washington, D. C. 
260 |b U. S. Department of Commerce 
260 |c 1982 
650 |a Textile industry 
650 |z Hongkong 
904 |i Trọng Hải 
980 |a Trung tâm Học liệu Trường Đại học Cần Thơ